[Event "Wch U18 Girls"]
[Site "Szeged"]
[Date "1994.??.??"]
[Round "6"]
[White "Xu Yuhua"]
[Black "Danielian, Elina"]
[Result "0-1"]
[WhiteElo "2195"]
[BlackElo "2295"]

1.e4 d6 2.d4 g6 3.Nc3 Bg7 4.Nf3 Nf6 5.Be2 O-O 6.O-O Nbd7 7.h3 e5 8.dxe5 dxe5
9.Be3 c6 10.a4 Qe7 11.Qd3 Nc5 12.Qc4 Nfd7 13.Bg5 Bf6 14.Bh6 Bg7 15.Bg5 Bf6
16.Bh6 Re8 17.Rfd1 a5 18.Bf1 b6 19.Qe2 Ne6 20.Qe3 Ndc5 21.Ne2 Ba6 22.c3 Red8
23.Rxd8+ Rxd8 24.Ng3 Bxf1 25.Nxf1 Nb3 26.Ra3 Nec5 27.N1d2 Nxd2 28.Nxd2 Rd3
29.Qe2 Bg5 30.Bxg5 Qxg5 31.Nf1 Qc1 32.Ra2 Rd1 33.f3 Qb1 34.b4 Nb3 35.Rb2 Rxf1+
36.Kh2 Rh1+ 37.Kg3 Nc1 38.Qf2 Nd3  0-1

[Event "Wch U16 Girls"]
[Site "Szeged"]
[Date "1994.??.??"]
[Round "7"]
[White "Kiss, Fernanda"]
[Black "Kiseleva, Natalia"]
[Result "0-1"]
[WhiteElo "2100"]
[BlackElo "2190"]

1.e4 g6 2.d4 Bg7 3.Nc3 d6 4.Be3 a6 5.a4 b6 6.g3 Bb7 7.Bg2 Nd7 8.Nge2 e5 9.d5 Ne7
10.Qd2 f5 11.Bg5 h6 12.Bxe7 Qxe7 13.h4 h5 14.O-O-O O-O-O 15.Kb1 Bh6 16.Qd3 Rhf8
17.Rhf1 Kb8 18.Rde1 f4 19.Bh3 Nc5 20.Qc4 f3 21.Nc1 Bd2 22.Rd1 Bxc3 23.bxc3 a5
24.Nd3 Ba6 25.Qa2 Nxe4 26.Qa3 g5 27.Rfe1 Bxd3 28.cxd3 Nxf2 29.Bf1 Nxd1 30.Rxd1 gxh4
31.gxh4 Qxh4 32.Qb3 Rf4 33.Qb5 Qg4 34.Rc1 Qd7 35.Qb2 e4 36.dxe4 Qxa4 37.Bd3 f2
38.Rf1 Rf3 39.Qd2 Qb3+ 40.Ka1 Rdf8  0-1

[Event "Wch U16"]
[Site "Szeged"]
[Date "1994.??.??"]
[Round "8"]
[White "Tihonov, Jurij"]
[Black "Avrukh, Boris"]
[Result "0-1"]
[WhiteElo "2230"]
[BlackElo "2425"]

1.d4 g6 2.e4 Bg7 3.Nc3 d6 4.f4 Nf6 5.Nf3 O-O 6.Be2 c5 7.dxc5 Qa5 8.cxd6 Nxe4
9.dxe7 Re8 10.O-O Nxc3 11.bxc3 Nc6 12.Rb1 Rxe7 13.Rb5 Qxa2 14.Nd4 Nxd4 15.cxd4 Bf5
16.Bb2 a6 17.Rb3 Bxc2 18.Qxc2 Rxe2 19.Qxe2 Qxb3 20.f5 gxf5 21.h4 Qd5 22.Rf4 Qe6
23.Qf3 Bh6 24.d5 Qg6 25.Rxf5 Qb6+ 26.Kh2 Qxb2 27.Qh5 Qg7 28.Qe2 Qg6 29.g4 Qd6+
30.Kg2 a5 31.Qf3 Re8 32.Qd3 a4 33.g5 Bg7 34.Rxf7 Kxf7 35.Qf5+ Ke7  0-1

[Event "Tastrup"]
[Site "Tastrup"]
[Date "1994.??.??"]
[Round "2"]
[White "Jorgensen, Per Henrik Dorff"]
[Black "Hvenekilde, Jorgen"]
[Result "0-1"]
[WhiteElo "2310"]
[BlackElo "2320"]

1.d4 d6 2.e4 g6 3.Nc3 Bg7 4.f4 Nd7 5.Nf3 c5 6.Be3 a6 7.Qd2 b5 8.a4 b4 9.Nd1 Bb7
10.Nf2 Qc7 11.a5 Rb8 12.c3 bxc3 13.bxc3 Ngf6 14.Bd3 O-O 15.O-O Rfc8 16.Qe2 c4
17.Bc2 Bc6 18.g4 Rb2 19.Bc1 Rb5 20.g5 Nh5 21.Qxc4 Rxa5 22.Bd2 Nb6 23.Qe2 Bb5
24.Bd3 Nc4 25.Rxa5 Qxa5 26.Nd1 h6 27.Bc1 hxg5 28.Nxg5 Qa1 29.Qg4 e6 30.f5 Bxd4+
31.cxd4 Qxd4+ 32.Nf2 Ne5 33.Qh3 Rxc1 34.Rxc1 Nxd3 35.Rc8+ Kg7 36.Nxe6+ fxe6
37.Rc7+ Kf6 38.Qh4+ Ke5 39.fxg6 Qxf2+ 40.Qxf2 Nxf2 41.Kxf2 Kf6 42.Kf3 Kxg6
43.Rc8 Nf6 44.Rd8 Nd7 45.Kf4 Kf6 46.h4 Ke7 47.Ra8 e5+ 48.Kf5 Bd3 49.h5 d5
50.h6 Bxe4+ 51.Kg5 d4 52.Rxa6 d3 53.Ra2 Bh7 54.Kg4 Nf6+ 55.Kf3 Ke6 56.Ra6+ Kf5
57.Ra5 Ng4 58.Ra7 e4+ 59.Kg3 d2 60.Rd7 Ne3 61.Kf2 d1=Q 62.Rxd1 Nxd1+ 63.Kg3  0-1

[Event "Tastrup"]
[Site "Tastrup"]
[Date "1994.??.??"]
[Round "9"]
[White "Brinck Claussen, Bjorn"]
[Black "Hoi, Carsten"]
[Result "1-0"]
[WhiteElo "2350"]
[BlackElo "2425"]

1.e4 g6 2.d4 Bg7 3.Nc3 d6 4.f4 Nc6 5.Be3 Nf6 6.h3 O-O 7.g4 e5 8.dxe5 dxe5
9.f5 Qxd1+ 10.Rxd1 Nd4 11.Bd3 h6 12.Kf2 b5 13.Nf3 Bb7 14.Nxe5 c5 15.Bxd4 cxd4
16.Nxb5 Nxe4+ 17.Bxe4 Bxe4 18.Rhe1 gxf5 19.gxf5 Bxc2 20.f6 Bxf6 21.Rxd4 Rad8
22.Nd6 Bg6 23.Re2 Kh7 24.Rd5 Bh4+ 25.Kf1 Bg3 26.Nec4 Rd7 27.Re3 Bxd6 28.Rxd6 Rxd6
29.Nxd6 Rd8 30.Ne8 Rd1+ 31.Kf2 Rd2+ 32.Re2 Rxe2+ 33.Kxe2 Bf5 34.h4 Kg6 35.Kf3 Be6
36.a3 f5 37.b4 Kf7 38.Nc7 Bd7 39.Kf4 Kf6 40.Na6 Bc8 41.Nc5 Kg6 42.b5 Kh5
43.a4  1-0

[Event "Timisoara (Women)"]
[Site "Timisoara"]
[Date "1994.??.??"]
[Round "2"]
[White "Repkova Eid, Eva"]
[Black "Agababian, Naira"]
[Result "1-0"]
[WhiteElo "2265"]
[BlackElo "2205"]

1.e4 d6 2.d4 g6 3.Nc3 Bg7 4.Be3 Nf6 5.h3 O-O 6.f4 c6 7.Nf3 Nbd7 8.e5 Nd5
9.Nxd5 cxd5 10.Bd3 Qb6 11.Qd2 Qxb2 12.O-O Qb6 13.c4 Qd8 14.cxd5 Nb6 15.Be4 f5
16.Bc2 Nxd5 17.Bb3 e6 18.Bf2 Re8 19.Rab1 b5 20.Bxd5 exd5 21.Rfc1 Bd7 22.a4 Qb6
23.Qa2 Qb7 24.axb5 Bf8 25.exd6 Bxd6 26.Ne5 Bf8 27.Nc6 Be6 28.Na5 Qf7 29.Rc6 Bd7
30.Ra6 Bc8 31.Rc6 Rd8 32.Bh4 Be7 33.Rc7 Rd7 34.Rxd7 Bxd7 35.Bxe7 Re8 36.Bd6 g5
37.Nc6 Qe6 38.Be5 g4 39.Qxa7  1-0

[Event "Timisoara (Women)"]
[Site "Timisoara"]
[Date "1994.??.??"]
[Round "6"]
[White "Skripchenko, Almira"]
[Black "Agababian, Naira"]
[Result "1-0"]
[WhiteElo "2270"]
[BlackElo "2205"]

1.d4 g6 2.e4 d6 3.Nc3 Bg7 4.f4 Nf6 5.Nf3 O-O 6.Be3 Nbd7 7.Qd2 c6 8.O-O-O Qc7
9.e5 Nd5 10.Nxd5 cxd5 11.g4 Nb6 12.Rg1 f5 13.exf6 exf6 14.f5 gxf5 15.gxf5 Bxf5
16.Nh4 Be4 17.Bh6 Rf7 18.Bd3 Bxd3 19.Qxd3 Kh8 20.Bf4 Qc4 21.Nf5 Qxa2 22.b3 Qa1+
23.Kd2 Qa5+ 24.Ke2 Re8+ 25.Kf2 Nc8 26.Rg3 Re4 27.Bd2 Qd8 28.Rdg1 Ree7 29.Qf3 Rc7
30.c3 Rce7 31.Bh6 Bxh6 32.Rg8+ Qxg8 33.Rxg8+ Kxg8 34.Nxh6+ Kg7 35.Nxf7 Kxf7
36.Qxd5+ Ke8 37.Qf5 Nb6 38.c4 Nd7 39.Qd5 Nf8 40.Qxd6 a6 41.d5 Rd7 42.Qb6 Ng6
43.Ke3 f5 44.h4 f4+ 45.Kf3 Nxh4+ 46.Kxf4 Ng6+ 47.Ke4 Nf8 48.Qh6 Ng6 49.c5 Kd8
50.Qg5+ Ke8 51.Kd4 Ne7 52.d6 Ng6 53.Qf5 Ne7 54.Qe6 Kd8 55.Kc3 Ke8 56.c6 bxc6
57.dxe7 c5 58.Qg8+ Kxe7 59.Qxh7+ Kd6 60.Qg6+ Kc7 61.Qxa6 Rd4 62.Qb5 Kd6 63.Qb6+ Kd5
64.Qc7 Rb4 65.Qd7+ Ke5 66.Qc6  1-0

[Event "JUG-ch"]
[Site "Tivat"]
[Date "1994.??.??"]
[Round "1"]
[White "Miladinovic, Igor"]
[Black "Barlov, Dragan"]
[Result "1-0"]
[WhiteElo "2480"]
[BlackElo "2500"]

1.d4 d6 2.e4 g6 3.Nc3 Bg7 4.Be3 a6 5.Qd2 b5 6.Nge2 Bb7 7.f3 Nd7 8.g4 c5 9.Bg2 cxd4
10.Bxd4 Ne5 11.b3 Kf8 12.Rd1 Rc8 13.Nd5 Nd7 14.c3 Ngf6 15.g5 Nxd5 16.exd5 Bxd4
17.Qxd4 Kg8 18.Qe3 Rc5 19.f4 Nb6 20.O-O Bxd5 21.f5 Bxg2 22.Qxc5 Bxf1 23.Kxf1 Nd7
24.Qd5 Nf8 25.Nd4 Qd7 26.Rd3 e6 27.fxe6 fxe6 28.Qa8 Kg7 29.Qxa6 e5 30.Nxb5 Qf5+
31.Ke2 Qg4+ 32.Kd2 Qxg5+ 33.Kc2 Qg2+ 34.Rd2 Qe4+ 35.Kb2 Ne6 36.Nxd6 Qa8 37.Qc4 Nf4
38.Qc7+ Kf6 39.Qf7+ Kg5 40.Qe7+ Kg4 41.Qxe5 Qf3 42.Qd4  1-0

[Event "SVK-ch"]
[Site "Topolcianky"]
[Date "1994.??.??"]
[Round "4"]
[White "Maros, Milan"]
[Black "Petran, Peter"]
[Result "0-1"]
[WhiteElo "2195"]
[BlackElo "2410"]

1.e4 g6 2.d4 Bg7 3.Nc3 d6 4.Be3 c6 5.Qd2 b5 6.O-O-O Nd7 7.e5 Nb6 8.exd6 exd6
9.Bg5 f6 10.Bf4 d5 11.Bd3 Kf7 12.h4 h5 13.f3 Ne7 14.Nh3 Be6 15.Nf2 Qd7 16.Rdg1 Nc4
17.Bxc4 dxc4 18.Nce4 Rad8 19.Nd6+ Kg8 20.Nfe4 Nd5 21.g4 Qe7 22.gxh5 gxh5
23.Rg6 Rh7 24.Rhg1 Kh8 25.Re1 Nxf4 26.Qxf4 Qf8 27.Nxf6 Rxd6 28.Rxg7 Kxg7
29.Qxd6 Qxd6 30.Ne8+ Kg6 31.Nxd6 Bd5 32.Ne4 Kf5 33.Ng5 Rh8 34.Re7 Kf4 35.Kd2 Kg3
36.Ke3 Kxh4 37.Ne4 Kh3 38.Rxa7 Bxe4 39.fxe4 Kg2 40.Rg7+ Kf1 41.Rg3 h4 42.Rh3 Kg2  0-1

[Event "SVK-ch"]
[Site "Topolcianky"]
[Date "1994.??.??"]
[Round "8"]
[White "Mrva, Martin"]
[Black "Petran, Peter"]
[Result "1-0"]
[WhiteElo "2390"]
[BlackElo "2410"]

1.e4 g6 2.d4 Bg7 3.Nc3 d6 4.Nf3 Nf6 5.Be2 O-O 6.O-O Bg4 7.h3 Bxf3 8.Bxf3 Nc6
9.d5 Ne5 10.Be2 c6 11.dxc6 bxc6 12.Be3 Qa5 13.Qd2 Rfd8 14.Rad1 d5 15.Nxd5 Qa4
16.Qb4 Qxb4 17.Nxb4 Rdb8 18.a3 a5 19.Bd4 Nfd7 20.Na6 Rc8 21.f4 c5 22.Bf2 Nf6
23.Nxc5 Nc6 24.e5 Ne8 25.Bf3 g5 26.g3 gxf4 27.gxf4 Bh6 28.Nd3 a4 29.Nb4 Nxb4
30.Bxa8 Rxa8 31.axb4 Bxf4 32.Bd4 Bh6 33.Bb6 Rb8 34.Bc5 Bg7 35.Rd7 Bxe5 36.Rxe7 Bxb2
37.Rexf7 a3 38.Ra7 Nf6 39.Rxf6 Bxf6 40.Rxa3 Kf7 41.Kf1 Ke6 42.Ke2 h5 43.Kd3 h4
44.Ke4 Rg8 45.b5 Rg5 46.Ra6+ Kf7 47.Rc6  1-0

[Event "SVK-ch"]
[Site "Topolcianky"]
[Date "1994.??.??"]
[Round "10"]
[White "Guedon, Stephanne"]
[Black "Petran, Peter"]
[Result "0-1"]
[WhiteElo "2215"]
[BlackElo "2410"]

1.e4 g6 2.d4 Bg7 3.Nc3 d6 4.Nge2 Nd7 5.g3 e5 6.Bg2 Ngf6 7.h3 O-O 8.Be3 c6
9.a4 Re8 10.O-O b6 11.Re1 Qc7 12.Qd2 a6 13.g4 Bb7 14.Rad1 b5 15.Ng3 Nb6 16.b3 Rad8
17.g5 Nfd7 18.f4 exf4 19.Bxf4 Nf8 20.axb5 axb5 21.Kh1 Ne6 22.Be3 b4 23.Nce2 c5
24.d5 Nf8 25.c3 bxc3 26.Nxc3 Ba6 27.Ra1 Ra8 28.Ra3 Ra7 29.Rea1 Rea8 30.R1a2 Nfd7
31.Qc1 Bd3 32.Nge2 Rxa3 33.Rxa3 Qb7 34.Nf4 Ba6 35.Nb1 Ne5 36.Nd2 Qe7 37.h4 h6
38.Nh3 hxg5 39.hxg5 Nd3 40.Qb1 Nb4 41.Nf2 N6xd5 42.exd5 Qxe3 43.Nde4 Bd4
44.Ng4 Qf4 45.Qe1 Qxg4  0-1

[Event "Val Thorens Principal"]
[Site "Val Thorens"]
[Date "1994.??.??"]
[Round "5"]
[White "Lupu, Mircea Sergiu"]
[Black "Sznapik, Krzysztof"]
[Result "1-0"]
[WhiteElo "2420"]
[BlackElo "2205"]

1.e4 g6 2.d4 Bg7 3.Nc3 d6 4.Be3 a6 5.Qd2 b5 6.O-O-O Bb7 7.f3 Nd7 8.g4 c6
9.h4 Qa5 10.h5 O-O-O 11.Nh3 e5 12.d5 c5 13.Ng5 Rf8 14.a3 h6 15.Nh3 g5 16.Ne2 Qxd2+
17.Bxd2 Bf6 18.Ng3 Bd8 19.Nf5 Bc7 20.c4 bxc4 21.Bxc4 Nb6 22.Be2 Kd7 23.b4 cxb4
24.axb4 Ne7 25.Kb2 Nxf5 26.gxf5 Rb8 27.Ra1 Nc8 28.Bxa6 Bxa6 29.Rxa6 Bb6 30.Be1 Na7
31.Nf2 Bxf2 32.Bxf2 Nb5 33.Be3 Rhc8 34.Rh2 Rg8 35.Kb1 g4 36.fxg4 Rxg4  1-0

[Event "Vantaa op"]
[Site "Vantaa"]
[Date "1994.??.??"]
[Round "?"]
[White "Rytshagov, Mikhail"]
[Black "Vetemaa, Juri"]
[Result "1/2-1/2"]
[WhiteElo "2480"]
[BlackElo "2380"]

1.e4 g6 2.d4 Bg7 3.Nc3 d6 4.Nf3 c6 5.Be2 Nd7 6.O-O Qc7 7.Be3 Ngf6 8.a4 a5
9.h3 O-O 10.Re1 e5 11.dxe5 dxe5 12.Nd2 Rd8 13.Qb1 Bf8 14.Qa2 Bc5  1/2-1/2

[Event "Villa Ballester-chT"]
[Site "Villa Ballester"]
[Date "1994.??.??"]
[Round "?"]
[White "Devcic, Marcos"]
[Black "Rebottaro, Hector Javier"]
[Result "1/2-1/2"]
[WhiteElo "2345"]
[BlackElo "2310"]

1.d4 d6 2.e4 g6 3.Nc3 Bg7 4.Bc4 Nc6 5.Be3 e5 6.Nge2 Nf6 7.f3 O-O 8.O-O Re8
9.Qd2 exd4 10.Nxd4 Na5 11.Bb3 Nxb3 12.Nxb3 Be6 13.Bg5 Qc8 14.Rad1 Nd7 15.Nd4 Ne5
16.b3 Nc6 17.Nde2 f6 18.Bh6 Qd7 19.Bxg7 Qxg7 20.Nf4 Qf7 21.Rfe1 Rad8 22.Ncd5 Rd7
23.c4 Ne5 24.Qc3 c6 25.Ne3 f5 26.Nxe6 Rxe6 27.f4 Ng4 28.exf5 gxf5 29.Nxg4 fxg4
30.Rxe6 Qxe6 31.Re1 Qg6 32.f5 Qxf5 33.Re8+ Kf7 34.Qh8 Qb1+ 35.Kf2 Qf5+ 36.Kg3 Kg6
37.Qd4 h5 38.Rg8+ Kh6 39.Kh4 Qe5 40.Rh8+ Kg7 41.Qxe5+ dxe5 42.Rxh5 Rd2 43.Kxg4 Rxg2+
44.Kf5 Rxa2 45.Rh3 a5 46.Kxe5 a4 47.bxa4 Rxa4 48.c5 b6 49.Rg3+ Kf7 50.Rf3+ Kg7
51.Rg3+ Kf7 52.cxb6 Rb4  1/2-1/2

[Event "Villa Ballester op"]
[Site "Villa Ballester"]
[Date "1994.??.??"]
[Round "3"]
[White "Bruno, Eduardo"]
[Black "Fulgenzi, Ernesto"]
[Result "1-0"]
[WhiteElo "2240"]
[BlackElo "2300"]

1.e4 g6 2.d4 Bg7 3.Nc3 d6 4.g3 Nc6 5.d5 Nd4 6.Be3 c5 7.dxc6 Nxc6 8.Bg2 Nf6
9.h3 Bd7 10.Nge2 Qc8 11.Nf4 Ne5 12.O-O Nc4 13.Bc1 O-O 14.Ncd5 Nxd5 15.Nxd5 Re8
16.c3 Rb8 17.Kh2 b5 18.Qe2 e6 19.Ne3 Ne5 20.Rd1 b4 21.cxb4 Bb5 22.Qd2 Qa6
23.f4 Nc6 24.a4 Nd4 25.Ra3 Be2 26.b5 Qb7 27.Re1 Rbc8 28.e5 Nf3+ 29.Bxf3 Qxf3
30.Ng4 Qxa3 31.bxa3 Bxg4 32.hxg4 dxe5 33.fxe5 Red8 34.Qf2 Bxe5 35.Rxe5 Rxc1
36.a5 Rd3 37.Re3 Rd5 38.Rb3  1-0

[Event "Wattens op"]
[Site "Wattens"]
[Date "1994.??.??"]
[Round "1"]
[White "Mueller, Heinz"]
[Black "Kirchmair, Kurt"]
[Result "1-0"]
[WhiteElo "2260"]
[BlackElo "1745"]

1.d4 g6 2.e4 Bg7 3.Nc3 d6 4.Nf3 Nc6 5.Be3 e5 6.Bb5 Bd7 7.O-O h6 8.h3 a6 9.Bc4 Nge7
10.dxe5 Nxe5 11.Nxe5 Bxe5 12.Qf3 f5 13.exf5 Bxf5 14.g4 Bxc2 15.Qf7+ Kd7 16.Be6+ Kc6
17.Nd5 Nxd5 18.Bxd5+  1-0

[Event "Wattens op"]
[Site "Wattens"]
[Date "1994.??.??"]
[Round "2"]
[White "Sucher, Johannes"]
[Black "Wagner, Benedikt"]
[Result "1-0"]
[WhiteElo "2130"]
[BlackElo "1855"]

1.e4 g6 2.d4 Bg7 3.Nc3 d6 4.Bg5 c5 5.Nf3 cxd4 6.Nxd4 Qa5 7.Bb5+ Bd7 8.Qd2 Nc6
9.Be3 a6 10.Bc4 b5 11.Bb3 Nf6 12.O-O Ng4 13.Nxc6 Bxc6 14.Bd4 Nf6 15.Qe3 b4
16.Nd5 e5 17.Bb6 Nxd5 18.exd5  1-0

[Event "Wattens op"]
[Site "Wattens"]
[Date "1994.??.??"]
[Round "5"]
[White "Thielen, Dankward"]
[Black "Wurzer, Gerhard"]
[Result "1/2-1/2"]
[WhiteElo "1990"]
[BlackElo "1845"]

1.e4 d6 2.d4 g6 3.Nc3 Bg7 4.Be3 Nf6 5.h3 c6 6.a4 Qc7 7.Nf3 Nbd7 8.Bc4 e5
9.dxe5 dxe5 10.O-O O-O 11.Bb3 Rd8 12.Ng5 Rf8 13.Qd2 b6 14.Rfe1 Nc5 15.Bxc5 bxc5
16.Qe2 Bh6 17.Nf3 a5 18.Rad1 Bb7 19.Nd2 Rad8 20.Nc4 Ba6 21.Qf3 Kg7 22.Ne2 Bxc4
23.Bxc4 Rxd1 24.Rxd1 Rd8 25.Ng3 Rd4  1/2-1/2

[Event "Wattens op"]
[Site "Wattens"]
[Date "1994.??.??"]
[Round "6"]
[White "Mrsic, Robert"]
[Black "Vrban, Damir"]
[Result "1/2-1/2"]
[WhiteElo "1865"]
[BlackElo "2110"]

1.e4 d6 2.d4 g6 3.Nc3 Bg7 4.Be2 c6 5.a4 a5 6.h3 Na6 7.Nf3 Nf6 8.O-O O-O 9.Be3 Nb4
10.Qd2 Re8 11.Rfd1  1/2-1/2

[Event "Werfen op"]
[Site "Werfen"]
[Date "1994.??.??"]
[Round "?"]
[White "Janovsky, Sergey"]
[Black "Piven, Igor"]
[Result "1-0"]
[WhiteElo "2445"]
[BlackElo "2320"]

1.e4 g6 2.d4 Bg7 3.Nc3 d6 4.Be3 Nf6 5.f3 c6 6.Qd2 b5 7.g4 h5 8.g5 Nfd7 9.f4 Nb6
10.b3 d5 11.f5 b4 12.Nce2 dxe4 13.fxg6 fxg6 14.Bg2 Bf5 15.Qxb4 O-O 16.c4 N8d7
17.Rd1 a5 18.Qd2 a4 19.Nc3 axb3 20.axb3 Ra3 21.Qb2 Qa8 22.Nge2 Rb8 23.Qc2 Nc8
24.Rb1 Qb7 25.O-O Rxb3 26.Bxe4 Nd6 27.Rxb3 Qxb3 28.Qxb3 Rxb3 29.Bxc6 Nb8
30.Bg2 Kf8 31.c5 Nc4 32.Bf2 Ke8 33.Ra1 Ra3 34.Rxa3 Nxa3 35.c6 Na6 36.d5 Be5
37.Nd4 Bc8 38.Ncb5 Nxb5 39.Nxb5 Bf5 40.Bg3 Bxg3 41.hxg3 Kd8 42.Kf2 Bd3 43.Nd4 Kc7
44.Ke3 Bc4 45.Ne6+ Kd6 46.Kd4 Ba2 47.Be4 Bb3 48.c7 Nxc7 49.Nxc7 Kxc7 50.Ke5 Kd7
51.Bxg6 Bd1 52.Bf7  1-0

[Event "Werfen op"]
[Site "Werfen"]
[Date "1994.??.??"]
[Round "?"]
[White "Zontakh, Andrey"]
[Black "Djurkovic, Maks"]
[Result "1-0"]
[WhiteElo "2440"]
[BlackElo "2060"]

1.e4 g6 2.d4 Bg7 3.Nc3 d6 4.Be3 Nd7 5.f4 b6 6.Nf3 Bb7 7.Bc4 e6 8.f5 d5 9.fxg6 dxc4
10.gxf7+ Kxf7 11.O-O Kg6 12.Ng5 Bh6 13.Qf3 Qe7 14.Nf7 Bxe3+ 15.Qxe3 Ngf6
16.Nxh8+ Rxh8 17.Qg3+ Kh6 18.Qh4+ Kg6 19.Qg3+ Kh6 20.Qxc7 Ba8 21.Qf4+ Kg6
22.Rf3 h6 23.Raf1 Rg8 24.Rg3+ Kh7 25.e5 Rxg3 26.hxg3 Kg7 27.exf6+ Nxf6 28.Qe5 Kg6
29.Ne2 Nd5 30.Nf4+ Nxf4 31.gxf4 Qb7 32.Qxe6+ Kh7 33.Rf3  1-0

[Event "Werfen op"]
[Site "Werfen"]
[Date "1994.??.??"]
[Round "?"]
[White "Herndl, Gerald"]
[Black "Staller, Peter"]
[Result "1/2-1/2"]
[WhiteElo "2025"]
[BlackElo "2385"]

1.e4 g6 2.d4 Bg7 3.Nc3 d6 4.Be3 c6 5.Qd2 b5 6.a3 a6 7.f3 Nd7 8.Nge2 Bb7 9.g4 e5
10.d5 c5 11.Ng3 h6 12.Nd1 Nb6 13.b3 Ne7 14.h4 Bc8 15.Nb2 Bd7 16.Qf2 Qc7 17.Rd1 a5
18.b4 axb4 19.axb4 cxb4 20.Bxb6 Qc3+ 21.Qd2 Qxb2 22.Bd3 Qc3 23.Ne2 Qxd2+
24.Kxd2 O-O 25.Rb1 Ra4 26.Rb2 Nxd5 27.exd5 e4 28.Bd4 exd3 29.cxd3 Rc8 30.Bxg7 Kxg7
31.Rhb1 Rc5 32.Rxb4 Ra2+ 33.R1b2 Rxb2+ 34.Rxb2 Rxd5 35.Nc3 Re5 36.Rb1 h5
37.d4 Re7 38.gxh5 gxh5 39.Nxb5 Bc6 40.Nxd6 Rd7 41.Ne4 Rxd4+ 42.Ke3 Rd5 43.Rg1+ Kf8
44.Kf4 Ke7 45.Rg7 Ra5 46.Rh7 Bxe4 47.fxe4 Ke6  1/2-1/2

[Event "Hoogovens"]
[Site "Wijk aan Zee"]
[Date "1994.??.??"]
[Round "9"]
[White "Van der Wiel, John TH"]
[Black "Hansen, Curt"]
[Result "0-1"]
[WhiteElo "2570"]
[BlackElo "2580"]

1.e4 g6 2.d4 Bg7 3.Nc3 d6 4.Be3 c6 5.Qd2 Nd7 6.f3 b5 7.a4 b4 8.Nd1 a5 9.c3 bxc3
10.bxc3 Ngf6 11.Bd3 O-O 12.Ne2 e5 13.O-O d5 14.Nf2 Ba6 15.Bxa6 Rxa6 16.Qa2 Qc7
17.Rad1 Raa8 18.Bc1 dxe4 19.fxe4 h5 20.Kh1 Rfe8 21.dxe5 Nxe5 22.Bf4 Qe7 23.Nd4 Nfd7
24.Nh3 Qc5 25.Nf3 Ra7 26.Nhg5 Qc4 27.Qf2 Rb7 28.Qd4 Qxd4 29.cxd4 Nxf3 30.gxf3 Nb6
31.Rb1 Bxd4 32.Rfc1 c5 33.Rb5 f6 34.Nh3 Ree7 35.Bd6 Nxa4 36.Rxa5 Red7 37.Bg3 Nc3
38.Nf4 Kf7 39.Be1 Be3 40.Rxc3 Bxf4 41.Kg2 Rb2+ 42.Kf1 Rb1  0-1

[Event "CAN-op"]
[Site "Winnipeg"]
[Date "1994.??.??"]
[Round "7"]
[White "Hodgson, Julian M"]
[Black "Lipnowski, Irvin"]
[Result "1-0"]
[WhiteElo "2570"]
[BlackElo "2380"]

1.d4 g6 2.e4 Bg7 3.Nc3 d6 4.Bg5 c5 5.dxc5 Bxc3+ 6.bxc3 Qa5 7.Qd4 f6 8.Be3 Nc6
9.Qd2 dxc5 10.Ne2 Bg4 11.f3 Rd8 12.Qc1 Bc8 13.Qb2 e5 14.Nc1 Qc7 15.Bxc5 Be6
16.Bb5 Kf7 17.Nd3 b6 18.Be3 Na5 19.f4 Nc4 20.Bxc4 Qxc4 21.O-O Qxe4 22.Rae1 Qc4
23.fxe5 f5 24.Rf4 Qc7 25.Rd4 Ne7 26.Nf4 Nd5 27.Nxe6 Kxe6 28.Bg5 Qc5 29.Bxd8 Rxd8
30.Kh1 b5 31.a4 a6 32.axb5 axb5 33.Red1 Rd7 34.Qb3 Kxe5 35.c4 bxc4 36.Qg3+ Ke6
37.Qe1+ Kf7 38.Qe5  1-0

[Event "ARM-ch"]
[Site "Yerevan"]
[Date "1994.??.??"]
[Round "?"]
[White "Yegiazarian, Arsen"]
[Black "Nalbandian, Tigran"]
[Result "1-0"]
[WhiteElo "2400"]
[BlackElo "2485"]

1.e4 g6 2.d4 Bg7 3.Nc3 d6 4.f4 Nf6 5.Nf3 O-O 6.Bd3 Nc6 7.O-O Bg4 8.e5 dxe5
9.dxe5 Nd5 10.h3 Nxc3 11.bxc3 Bxf3 12.Qxf3 Na5 13.h4 e6 14.h5 Qe7 15.Be3 Qa3
16.hxg6 hxg6 17.c4 Rad8 18.g4 Qc3 19.Rab1 Rfe8 20.Qe4 b6 21.Rf2 Qa3 22.Bd4 Qe7
23.Bc3 Qh4 24.Qf3 Rd7 25.Kg2 Qe7 26.Rh1 Qc5 27.f5 exf5 28.gxf5 Nxc4 29.Bxc4 Qxc4
30.f6 Bh8 31.Qh3 Qd5+ 32.Kg1 Bxf6 33.Rxf6 Kf8 34.Qe3 Qd1+ 35.Be1 Ke7 36.Rh7 Qg4+
37.Kf2 Kd8 38.Rfxf7 Rxf7+ 39.Rxf7 Qh4+ 40.Kg1 Qg4+ 41.Kf2 Qe6 42.Qf3 Re7
43.Rf8+ Kd7 44.Qd3+  1-0

[Event "Zabrzanski Wrzesien op"]
[Site "Zabrzanski Wrzesien"]
[Date "1994.??.??"]
[Round "?"]
[White "Dubiel, Jacek"]
[Black "Kalinin, Oleg"]
[Result "1-0"]
[WhiteElo "2400"]
[BlackElo "2395"]

1.e4 g6 2.d4 Bg7 3.Nc3 d6 4.g3 Nc6 5.d5 Ne5 6.f4 Nd7 7.Nge2 c6 8.Be3 Ngf6
9.Bg2 cxd5 10.exd5 Nb6 11.Bd4 Bg4 12.h3 Bxe2 13.Qxe2 a6 14.O-O-O O-O 15.g4 Rc8
16.h4 Nc4 17.h5 Qa5 18.Rd3 Nxb2 19.Kxb2 Nxh5 20.Qe3 Qb4+ 21.Kc1 Nxf4 22.Qxf4 Bxd4
23.Qh6 Rfe8 24.Rf3 Bf6 25.g5 Bxg5+ 26.Qxg5 Rxc3  1-0

[Event "Ibercaja op"]
[Site "Zaragoza"]
[Date "1994.??.??"]
[Round "2"]
[White "Strikovic, Aleksa"]
[Black "Mimbela Lopez, Miguel Angel"]
[Result "1-0"]
[WhiteElo "2495"]
[BlackElo "2195"]

1.e4 g6 2.d4 Bg7 3.Nc3 d6 4.Nf3 a6 5.Be3 Nd7 6.a4 b6 7.d5 Ngf6 8.Nd4 Bb7
9.Be2 Nc5 10.f3 e5 11.Nc6 Bxc6 12.dxc6 O-O 13.Bc4 Ne6 14.Nd5 Kh8 15.O-O Ng8
16.Qd3 Qe8 17.Bxa6 Qxc6 18.b4 Nf4 19.Qc4 Qxc4 20.Bxc4 Nxd5 21.Bxd5 Rac8 22.a5 c6
23.Bb3 bxa5 24.bxa5 f5 25.Rfd1 fxe4 26.fxe4 d5 27.exd5 e4 28.Ra4 cxd5 29.Bxd5 Nf6
30.Bb7 Rcd8 31.Rxd8 Rxd8 32.h3 Rd1+ 33.Kf2  1-0

[Event "Ibercaja op"]
[Site "Zaragoza"]
[Date "1994.??.??"]
[Round "8"]
[White "Danailov, Silvio"]
[Black "Mimbela Lopez, Miguel Angel"]
[Result "1-0"]
[WhiteElo "2440"]
[BlackElo "2195"]

1.e4 g6 2.d4 Bg7 3.Nc3 d6 4.Bg5 Nd7 5.Qd2 c6 6.f4 Qa5 7.Nf3 e5 8.dxe5 dxe5
9.f5 Ngf6 10.Bd3 gxf5 11.exf5 h6 12.Bh4 O-O 13.O-O e4 14.Bxe4 Nxe4 15.Nxe4 Qxd2
16.Nfxd2 Bxb2 17.Rab1 Bd4+ 18.Kh1 b6 19.Nf3 Be5 20.Nxe5 Nxe5 21.Be7 Ba6 22.Rfe1 Nc4
23.Rb3 Rfe8 24.Nf6+  1-0

[Event "Zuerich op"]
[Site "Zuerich"]
[Date "1994.??.??"]
[Round "?"]
[White "Speck, Hans"]
[Black "Christen, Peter"]
[Result "1-0"]
[WhiteElo "2240"]
[BlackElo "2245"]

1.e4 g6 2.d4 Bg7 3.Nc3 d6 4.f4 c5 5.Be3 Qb6 6.Nd5 Qd8 7.dxc5 dxc5 8.Bxc5 Bxb2
9.Rb1 Bg7 10.Bb5+ Nc6 11.Nf3 Bd7 12.O-O e6 13.Bxc6 Bxc6 14.Re1 b6 15.Ba3 Qd7
16.Nd4 O-O-O 17.Rxb6 Bxd5 18.Rd6 Qb7 19.Rxd8+ Kxd8 20.exd5 exd5 21.c4 Nh6
22.Kh1 Re8 23.Rxe8+ Kxe8 24.Qe1+ Kd8 25.Qa5+ Ke8 26.Nb5 Nf5 27.cxd5 a6 28.Qxa6 Qxa6
29.Nc7+ Kd7 30.Nxa6 Ne3 31.Nb4 Bc3 32.g3 Bxb4 33.Bxb4 Nxd5 34.Bf8 Kc6 35.Kg2 Kb5
36.Kf3 Ka4 37.Ke4 Nf6+ 38.Kf3 h5 39.h3 Nd5 40.g4 f5 41.gxh5 gxh5 42.Kg3 h4+
43.Kf3 Nc3 44.Be7 Nxa2 45.Bxh4 Kb5 46.Be1 Kc6 47.Bd2 Kd5 48.h4 Ke6 49.Ke3 Kf6
50.Kd3 Kg6 51.Kc2  1-0

[Event "Tyneside International"]
[Site "Newcastle"]
[Date "1995.05.27"]
[Round "3"]
[White "Mannion, Stephen R"]
[Black "Bell, Stephen"]
[Result "1-0"]
[WhiteElo "2355"]
[BlackElo "2385"]

1.e4 d6 2.d4 g6 3.Nc3 Bg7 4.f4 Nf6 5.Nf3 O-O 6.Bd3 Nc6 7.e5 dxe5 8.fxe5 Nh5
9.Be3 Bg4 10.Be2 f6 11.exf6 exf6 12.Qd2 f5 13.O-O-O f4 14.Bf2 Qd7 15.Bc4+ Kh8
16.Ne4 Rad8 17.Nc5 Qc8 18.c3 b6 19.Ne4 Na5 20.Bd3 Be6 21.Kb1 Bd5 22.Rhe1 Rde8
23.b3 Qa8 24.Qc2 Nc6 25.Neg5 Nf6 26.Ne5 Nxe5 27.dxe5 Ng4 28.e6 Nxf2 29.Qxf2 Qc6
30.Qh4 h6 31.Nf7+ Rxf7 32.exf7 Rxe1 33.Qd8+  1-0

[Event "Aarhus-A"]
[Site "Aarhus"]
[Date "1995.??.??"]
[Round "1"]
[White "Alkaersig, Ole"]
[Black "Wirth, Gotthard"]
[Result "0-1"]
[WhiteElo "2185"]
[BlackElo "2230"]

1.e4 g6 2.d4 Bg7 3.Nc3 d6 4.f4 a6 5.Nf3 b5 6.Be3 Bb7 7.Bd3 Nd7 8.O-O c5 9.dxc5 Nxc5
10.a3 Nf6 11.Qe1 Ncxe4 12.Nxe4 Bxe4 13.Qh4 Bxd3 14.cxd3 Nd5 15.Bd4 Bxd4+
16.Nxd4 Qb6 17.f5 gxf5 18.Kh1 e6 19.Nxf5 exf5 20.Rxf5 Ne7 21.Re1 Ra7 22.Rf3 Rd7
23.Qf6 Rf8 24.Rfe3 Qb7 25.d4 Rg8 26.R1e2 Qc7 27.h4 Kf8 28.h5 Qc1+ 29.Re1 Qc2
30.R1e2 Qf5 31.Qh6+ Rg7 32.Rg3 Qf1+ 33.Kh2 Nf5 34.Qf6 Nxg3  0-1

[Event "Aarhus-A"]
[Site "Aarhus"]
[Date "1995.??.??"]
[Round "2"]
[White "Rasmussen, Casper"]
[Black "Wirth, Gotthard"]
[Result "1-0"]
[WhiteElo "2255"]
[BlackElo "2230"]

1.e4 g6 2.d4 Bg7 3.Nc3 d6 4.Be3 Nc6 5.Nge2 e5 6.h3 Nge7 7.d5 Nb8 8.g4 f5
9.gxf5 gxf5 10.Rg1 Bf6 11.exf5 Nxf5 12.Ng3 Nxg3 13.Rxg3 Bf5 14.Bd3 e4 15.Qh5+ Bg6
16.Rxg6 hxg6 17.Qxg6+ Kf8 18.Nxe4 Bxb2 19.Rb1 Bg7 20.Ng5  1-0